000 00621nam a2200229Ia 4500
003 OSt
005 20221006165128.0
006 a|||||r|||| 00| 0
007 ta
008 221006b |||||||| |||| 00| 0 hin d
024 _a6,530
037 _cTextual
040 _aFML
_cFML
_bhin
041 _2hin
_ahin
082 _aN44z7, P4 -; 3
100 _aSarwalkar R. V. Au.
_9677637
245 0 _aKala Ke Antah Darshan
260 _aJaipur
_bRajasthan Hindi Granth Acadmy India
_c2004
300 _a232
_ccm.
942 _hN44z7, P4 -; 3
_cTEXL
_2CC
999 _c1119708
_d1119708